| 000 | 00364nam a22001457a 4500 | ||
|---|---|---|---|
| 999 |
_c15699 _d15699 |
||
| 003 | OSt | ||
| 008 | 190528b ||||| |||| 00| 0 eng d | ||
| 020 | _a978938247127 | ||
| 082 |
_a664.9 _bRAS/ME |
||
| 100 |
_aRashid, Mohammad _94195 |
||
| 245 | _aMeat Hygiene and Food Safety | ||
| 260 |
_aDelhi _bNarendra Publishing House _c2013 |
||
| 300 | _a178 p. | ||
| 942 | _cBK | ||